01172nam a2200361 i 45000010005000000030009000050050017000140080039000310200015000700400036000850410008001210460009001290800012001381000052001502450081002022600033002833000030003163800016003463880014003623880014003765040034003906480014004246480014004386550024004526580031004767100029005078560098005369420012006349990017006469520049006639520049007129520049007611819KOSZ 00520240405063027.0950505s1979 pl f 001 0 pol a8321329217 cKOSZ 005aKOSZ 005dKOSZ 005/HR apol k1979 a72(438)1 aSzafer, Przemysław Tadeuszd(1920-2017)eAutor 0aNowa architektura polska :bdiariusz lat 1971-1975 /cT. Przemysław Szafer. aWarszawa :b"Arkady",c1979. a371, [5] :bil. ;c30 cm. aKsiążki a1901-2000 a1945-1989 aBibliogr. przy rozdz. Indeks. 7a1901-2000 7a1945-1989 7aArchitektura polska aArchitektura i budownictwo2 aWydawnictwo Arkady4pbl. uhttp://koha.tu.koszalin.pl/cgi-bin/koha/opac-detail.pl?biblionumber=18319yKatalog online BPK cKS2UKD c18319d18319 00104070aBPKbBPKcwo24281p02237688yKS 00104070aBPKbBPKcwo24282p01184815yKS 00104070aBPKbBPKcwo24283p01662245yKS